| 000 | 01204cam a2200349 a 4500 | ||
|---|---|---|---|
| 003 | CHAP | ||
| 005 | 20220329142132.0 | ||
| 008 | 990903d1996 mx a r 00110 spa d | ||
| 010 | _a78984 | ||
| 011 | _a79956 | ||
| 020 | _a9688806757 | ||
| 035 | _a90389 | ||
| 040 | _cCHAP | ||
| 082 | 0 | 4 |
_a519.5 _bL47Y 1994 |
| 100 | 0 | 0 |
_aLevin, Richard I. _966450 |
| 245 | 1 | 0 |
_aEstadística para administradores _c/por Richard I. Levin y David S. Rubin |
| 260 |
_aNaucalpan, Méx. : _bPrentice-Hall, _c1996. |
||
| 300 |
_a1018 p. + 1 disco flexible de 3.5 : _bilus. ; gráfs. ; cuadros ; anexos |
||
| 500 | _aTrad. de : Statistic for management, 6 ed. de 1994 | ||
| 590 |
_aBATCH-UPD _b10 _c20130110 _lUCH01 _h0505 |
||
| 590 |
_aBATCH-UPD _b10 _c20130111 _lUCH01 _h0000 |
||
| 590 |
_aBATCH-UPD _b10 _c20130410 _lUCH01 _h0143 |
||
| 590 |
_aBATCH-UPD _b10 _c20130913 _lUCH01 _h1933 |
||
| 590 |
_aCONVERSION _b10 _c20130109 _lUCH01 _h1344 |
||
| 650 | 1 | 4 |
_aAdministración. _9918 |
| 650 | 1 | 4 |
_aEstadística. _938241 |
| 700 | 0 |
_aRubin, David S. _9100455 |
|
| 901 | _aBK | ||
| 905 | _aGuadalupe Pinto C. | ||
| 942 | _cLIBRO | ||
| 949 |
_a519.5 L47Y 1994 _bBC _cLIBRO _d33724000738282 _eLIBRO _gI.199110 _h96306 _i90389 _si _t$228.00 |
||
| 999 |
_c78984 _d78984 |
||